000 01103nam a2200229Ia 4500
001 L203-2415
003 IT-CnALBA
008 170116s9999||||xx |||||||||||||| ||und||
040 _aIT-CnALBA
_cIT-CnALBA
041 _aITALIANO
100 _aPARENTE PIETRO, CARDINALE
245 0 _aDIZIONARIO DI TEOLOGIA DOMMATICA PER LAICI.
250 _a1a ed.
260 _aBERLINO
_bAUSLER E RUTHARDT
_c1943 [1° Ed.:1943 - Ed.Ling.Originale: 1943]
300 _a260 p. (prefazione: 713)
500 _aPREFAZIONE. BIBLIOGRAFIA. SUSSIDI. PRINCIPALI RIVISTE DI TEOLOGIA. ABBREVIAZIONI E SIGLE. TESTO ALFABETICO. SCHEMA DI STORIA DI TEOLOGIA. QUADRO DEI CONCILI ECUMENICI. INDICE DELLE VOCI.
501 _aSocietà San Paolo EM - Piazza San Paolo, 14 - 12051 ALBA (CN) (non commercial uses only) ® Copyright 2017
520 _aPREFAZIONE. BIBLIOGRAFIA. SUSSIDI. PRINCIPALI RIVISTE DI TEOLOGIA. ABBREVIAZIONI E SIGLE. TESTO ALFABETICO. SCHEMA DI STORIA DI TEOLOGIA. QUADRO DEI CONCILI ECUMENICI. INDICE DELLE VOCI.
650 _aDIZIONARI ED ENCICLOPEDIE CATTOLICI
942 _cBK
957 _71
999 _a3398
_bSI
_g Copie: 1
_c261606
_d261606